An act enabling such Commissioners of Sewers as acted on the 19th of April 1653. to act as Commissioners of Sewers.

Bibliographic Details
Corporate Author: England and Wales. Parliament
Format: eBook
Language:English
Published: London : Printed by John Field, Printer to the Parliament. And are to be sold at the seven Stars in Fleetstreet, over against Dunstans Church, 1659.
Series:Early English books online.
Subjects:
Online Access:Connect to the full text of this electronic book

MARC

Tag First Indicator Second Indicator Subfields
LEADER 00000nam a2200000 4500
001 in00004289213
005 20200813082445.0
006 m g d
007 cr bn |||a|bb|
008 940811s1659 enk o o00| | eng d
035 |a (UnM)99869908 
037 |a CL0051000009  |b ProQuest Information and Learning. 300 N. Zeeb Rd., Ann Arbor, MI 48106 
040 |a Cu-RivES  |c Cu-RivES  |d CStRLIN  |e dcrb  |d WaOLN 
110 1 |a England and Wales.  |b Parliament. 
245 1 3 |a An act enabling such Commissioners of Sewers as acted on the 19th of April 1653. to act as Commissioners of Sewers. 
260 |a London :  |b Printed by John Field, Printer to the Parliament. And are to be sold at the seven Stars in Fleetstreet, over against Dunstans Church,  |c 1659. 
300 |a 1 online resource (1 sheet ([1] pages) 
336 |a text  |b txt  |2 rdacontent 
337 |a computer  |b c  |2 rdamedia 
338 |a online resource  |b cr  |2 rdacarrier 
500 |a Order to print dated: Wednesday the 18th of May 1659. Signed: Tho. St. Nicholas Clerk of the Parliament. 
500 |a Annotation on Thomason copy: "may. 19." 
500 |a Reproduction of the original in the British Library. 
510 4 |a Wing (2nd edition, 1994)  |c E988. 
510 4 |a Thomason  |c 669.f.21[34]. 
510 3 |a Steele I, 3111. 
533 |a Electronic reproduction.  |b Ann Arbor, Mich. :  |c UMI,  |d 1999-  |f (Early English books online)  |n Digital version of: (Thomason Tracts ; 247:669f21[34])  |7 s1999 miun s 
610 2 0 |a Commissioners of Sewers of the City of London.  |v Early works to 1800. 
650 0 |a Sewerage  |z England  |v Early works to 1800. 
830 0 |a Early English books online. 
856 4 0 |u http://proxy.library.tamu.edu/login?url=https://search.proquest.com/docview/2240946708  |z Connect to the full text of this electronic book  |t 0 
999 f f |s 9b160ee4-9314-3647-8cbf-e834010cbd0a  |i 1dbee08a-2180-3c9d-9353-d11f07954bd3  |t 0 
952 f f |a Texas A&M University  |b College Station  |c Electronic Resources  |d Available Online  |t 0  |h No information provided 
998 f f |t 0  |l Available Online